City Comparisons - The Paris of... - Easy Version - Statistics

General Stats
  • This quiz has been taken 9 times
    8 since last reset
  • The average score is 20 of 26
Answer Stats
Letter Hint Answer % Correct
N Paris of Italy Naples
100%
O Stockholm of Norway Oslo
100%
P San Diego of Australia Perth
100%
S Los Angeles of Australia Sydney
100%
B Dubai of the Caspian Sea Baku
88%
F Athens of Italy Florence
88%
J New York of Afrika Johannesburg
88%
K Rome of Poland Krakow
88%
M New York of India Mumbai
88%
R New York of the Netherlands Rotterdam
88%
T New York of Canada Toronto
88%
C Marseille of North Africa Casablanca
75%
D Boston of Europe Dublin
75%
G Chicago of China Guangzhou
75%
H New York of Asia Hong Kong
75%
L San Francisco of Europe Lisbon
75%
Q Florence of the Andes Quito
75%
U Amsterdam in small Utrecht
75%
V Hong Kong of North America Vancouver
75%
W San Francisco of New Zealand Wellington
75%
X Rome of China Xi'an
75%
Z New York of the Alps Zurich
75%
I Rome of the East Istanbul
63%
E Athens of the North Edinburgh
50%
Y San Francisco of Japan Yokohama
50%
A New York of Europe Antwerp
38%
No matching quizzes found
Score Distribution
Percent of People with Each Score
Percentile by Number Answered
Your Score History
You have not taken this quiz since the last reset